Score 0/13 Timer 02:00
2 Plays Today
Clue Answer % Correct
Ringbearer in 'The Lord of the Rings'FRODO
84.2%
They ring after the bride and groom say 'I do'BELLS
83.7%
Buffalo football teamBILLS
82.5%
Flintstone and AstaireFREDS
81.9%
Houses with Greek letters on the frontFRATS
81.2%
Mischievous kidsBRATS
80.7%
WorriesFRETS
80.5%
Defeats in competitionBEATS
79.3%
Ringbearer in 'The Hobbit'BILBO
75.5%
Jennifer of 'Flashdance'BEALS
73.6%
'Godfather' character who broke Michael's heartFREDO
71.9%
1996 Steve Martin film 'Sgt. ____'BILKO
54.9%
Swindles someone out of their moneyBILKS
52.6%

Today's Daily Dose

Remove Ads.
Support Sporcle.
Get the best of Sporcle when you Go Orange. This ad-free experience offers more features, more stats, and more fun while also helping to support Sporcle. Thank you for becoming a member.

You're not logged in!

Compare scores with friends on all Sporcle quizzes.
OR
Log In

Show Comments

Extras

Top Quizzes Today


Score Distribution

Your Account Isn't Verified!

In order to create a playlist on Sporcle, you need to verify the email address you used during registration. Go to your Sporcle Settings to finish the process.

Report this User

Report this user for behavior that violates our Community Guidelines.

Details: